| 000 | 00427nam a2200157Ia 4500 | ||
|---|---|---|---|
| 008 | 220216s9999 xx 000 0 und d | ||
| 100 | _aVenkataswamy Krishna | ||
| 245 | 0 | _aOvermolding of TPEs : Engineered solutions for consumer product differentiation | |
| 260 |
_bRubber World _c2002 |
||
| 300 | _a27-31,47 | ||
| 650 | _aOvermolding | ||
| 650 | _aTPE | ||
| 700 | _aRipple Walter | ||
| 700 | _aVarma Rajesh | ||
| 942 | _cJS | ||
| 999 |
_c64526 _d64526 |
||